| 000 | 00878nam a22002897a 4500 | ||
|---|---|---|---|
| 003 | CHAP | ||
| 005 | 20220329143724.0 | ||
| 008 | 110413s1979 mx a r 00010 spa d | ||
| 010 | _a100932 | ||
| 011 | _a101904 | ||
| 020 | _a9681307429 | ||
| 035 | _a112592 | ||
| 040 | _cCHAP | ||
| 082 | 0 | 4 |
_a305.4 _bIm13 |
| 245 | 0 | 0 |
_aImagen y realidad de la mujer _c/compilador por Elena Urrutia |
| 260 |
_aMéxico, D.F. : _bDiana, _c1979 |
||
| 300 |
_a190 p. : _bilus. |
||
| 590 |
_aBATCH-UPD _b10 _c20130110 _lUCH01 _h1207 |
||
| 590 |
_aBATCH-UPD _b10 _c20130410 _lUCH01 _h0747 |
||
| 590 |
_aBATCH-UPD _b10 _c20130914 _lUCH01 _h1833 |
||
| 590 |
_aCONVERSION _b10 _c20130109 _lUCH01 _h1356 |
||
| 650 | 1 | 4 |
_aMujer _xSituación social. _979329 |
| 700 | 1 |
_aUrrutia, Elena _9116999 |
|
| 901 | _aBK | ||
| 942 | _cLIBRO | ||
| 949 |
_a305.4 Im13 _bBC _cLIBRO _d33724002258694 _eLIBRO _h114664 _i112592 _si |
||
| 999 |
_c100932 _d100932 |
||